000 00900nam a2200277 4500
003 EG-GICUC
005 20260304114140.0
008 260304s1960 Sz |||f |||| 00| 0 Fre d
040 _a EG-GICUC
_bfre
_c EG-GICUC
_d EG-GICUC
_erda
082 0 4 _a341.33
_bM O . S
_221
092 0 4 _221
099 _aLaw1 11 341.33 M O . S 1960
100 1 _aMoussa Farag
_eAuteur
245 _aLe Service Diplomatique Des Etats Arabes /
_cFarag Moussa.
264 _aGenéve:
_bL'institut Universitaire De Hautes Études Internationales,
_c1960.
300 _a124 Pages ;
_c24 Cm.
336 _2rda content
_atext
337 _2rda media
_aComputer
338 _2rda carrier
_aOnline Resource
546 _aTexte en français
650 1 4 _a Droit international public
_2qrmak
651 1 _2qrmak
856 4 0 _uhttps://fll.law.cu.edu.eg/fulltext/bks/B11-08472.pdf
905 _a64
942 _2ddc
_cBK
_e21
_n0
999 _c64917
_d64917